00422 2200169 4500001002100000005001500021035002000036245003700056100002400093250001700117300002800134260003600162082000800198084001400206020002200220650001000242INLIS00000000000026020240530093123 a0010-05240001821 aPak Otong /cMohd. Firdaus Husin0 aMohd. Firdaus Husin acetakan ke-7 a46 hlm :bilus ;c21 cm aJakarta :bBalai Pustaka,c2007 a813 a813 MOH p a978-979-407-502-7 4aFiksi